=LDR 00000nam 2200000 4500 =001 000185 =020 $9789797882044 =082 $641.500 =100 $Anti Apriliyanti Suganti =245 $Resep kilat minuman segar oplosan =250 $Cetakan ketiga =264 $Yogyakarta: Media Pressindo 2024 =300 $56 halaman; 15 x 21 cm =650 $Makanan =905 $641.5 ANT r =336 $$a =337 $$a =338 $$a =005 20260702151432.0 =008 260702s2026\\\\\\\\\\\\\\\\\\\\\\\\\\\\\\\\\\\\\\\\\